000 00969nam0a22002651 4500
001 rc\2358556
005 20260408071558.0
035 _a(NLR Aleph) 006477923
090 _a6003234
_c6003234
100 _a20110829d1977 |||y0rusy50 ca
101 0 _arus
102 _aRU
105 _aa b |||||
200 1 _aРеакторы ЕРОС
_eКаталог
_fИзготовитель: Моск. электроз-д им. В.В. Куйбышева
210 _aМосква
_cБ. и.
_d[1977]
215 _a[2] с.
_cил.
_d29
225 1 _aИнформэлектро
_v03.08.28-77
_iЭлектротехника СССР
309 _aБез тит. л. и обл.
517 0 _aРеакторы серии ЕРОС
712 0 2 _aМосковский электрозавод им. В. В. Куйбышева
_9607029
_3RU\NLR\AUTH\8810053306
801 0 _aRU
_bNLR
_gpsbo
801 1 _aRU
_bELAR
_2rusmarc
852 _aNLR
_jПт20/1-03.08.28-77
942 _cBOOK
980 _aNB